Quel personnage d'animé - Clic quiz - Statistiques

Statistiques générales
  • Ce quiz a été pris 5 329 fois
  • Le résultat moyen est 15 sur 24
Statistiques - réponses
Hint Réponse % Correct
Son rêve est de devenir le roi des pirates Monkey D. Luffy
93%
Se sert d'un livre pour débarrasser le monde de tous les criminels Light Yagami
88%
Est déterminé pour trouver un remède pour sa soeur, Nezuko Tanjiro Kamado
88%
Devient l'héritier de l'Alter d'All Might Izuku Midoriya
86%
Super-héros qui s'ennuie à mourir depuis qu'il est devenu l'homme le plus fort du monde Saitama
85%
Est un élève de la classe E Nagisa Shiota
75%
Fait partie de la 104ème Brigade d'entraînement Eren Jäger
73%
Parcourt le pays avec son frère afin de trouver la Pierre Philosophale Edward Elric
71%
A grandi sur l'Île de la Baleine Gon Freecss
68%
Dio Brando est son frère adoptif Jonathan Joestar
68%
Est surnommé "La Salamandre" Natsu Dragnir
68%
Est originaire de Bourg Palette Sacha Ketchum
68%
Retourne dans le passé afin de sauver son ancienne petite amie Takemichi Hanagaki
65%
Joue dans le club de basketball de l'Académie Tōō Daiki Aomine
64%
Son nom de naissance est Kakarot Son Goku
63%
Sa vie change complètement après une transplantation d'organes Ken Kaneki
61%
Est un utilisateur du Nen de la transformation Kirua Zoldyck
58%
Est le propriétaire du célèbre Boar Hat Meliodas
48%
A escorté Tazuna jusqu'au Pays des Vagues Sasuke Uchiwa
48%
Est une criminelle connue de la région de Zaun Jinx
47%
Voyage à bord du Bebop Spike Spiegel
42%
Né d'une morte, pendue à un arbre Guts
41%
Big Bang Attack est l'une de ses techniques propre Vegeta
39%
Considéré comme le plus grand des 41 Êtres Suprêmes Ainz Ooal Gown
34%
Aucun quiz correspondant
Distribution des résultats
% des personnes avec chaque résultat
Percentile par nombre de réponses
Votre historique - résultats
Vous n’avez pas pris ce quiz